000 00368nam a2200145Ia 4500
008 230917s9999||||xx |||||||||||||| ||und||
040 _e41864
_aMAIN
041 _aEnglish
082 _a820.9 G415L
100 _aGillie, Christopher
245 0 _aLongman companion to English literature
260 _aLondon
_bLongman
_c1978
300 _aviii, 376 p.
942 _cBK
999 _c187112
_d187112